000 00642nam a22002297a 4500
003 UA-OsUOA
001 122084
007 ta
008 20170410b un ||||| |||| 00| 0 ukr d
100 _aКудряшов В.П.
700 _aМалиняк Б.С.
090 _a330(477)
_bК88
942 _cSA
040 _aUA-OsUOA
_bukr
_cUA-OsUOA
_dUA-OsUOA
245 _aМодернізація фіскальної політики в ЄС
300 _aС.19-36
955 _a0
041 _aukr
080 _a330(477)
773 0 _w122082
_tФінанси України
_dК.
_d2017
_g3
650 7 _a330 Економіка взагалі
_2UDC
999 _c408027
_d408027